Logo Biblioteca

Constitución de la Nación Argentina : (Registro nro. 446)

Detalles MARC
000 -LEADER
fixed length control field 00564nam a22001697a 4500
003 - CONTROL NUMBER IDENTIFIER
control field OSt
005 - DATE AND TIME OF LATEST TRANSACTION
control field 20251106111911.0
008 - FIXED-LENGTH DATA ELEMENTS--GENERAL INFORMATION
fixed length control field 250214s2013 ag ||||| |||| 00| 0 spa d
020 ## - INTERNATIONAL STANDARD BOOK NUMBER
International Standard Book Number 9789872888640
040 ## - CATALOGING SOURCE
Transcribing agency besoc
110 1# - MAIN ENTRY--CORPORATE NAME
Corporate name or jurisdiction name as entry element Argentina
245 10 - TITLE STATEMENT
Title Constitución de la Nación Argentina :
Remainder of title Incluye los tratados internacionales de derechos humanos con jerarquía constitucional
260 ## - PUBLICATION, DISTRIBUTION, ETC.
Place of publication, distribution, etc. Buenos Aires :
Name of publisher, distributor, etc. Ministerio de Justicia y Derechos Humanos de la Nación,
Date of publication, distribution, etc. 2013
300 ## - PHYSICAL DESCRIPTION
Extent 254 p.
650 #4 - SUBJECT ADDED ENTRY--TOPICAL TERM
Topical term or geographic name entry element CONSTITUCIÓN
Geographic subdivision ARGENTINA
Chronological subdivision 1994
942 ## - ADDED ENTRY ELEMENTS (KOHA)
Source of classification or shelving scheme Universal Decimal Classification
Koha item type Libro de préstamo a domicilio
Suppress in OPAC No
Existencias
Withdrawn status Lost status Source of classification or shelving scheme Damaged status Not for loan Collection Home library Current library Date acquired Total checkouts Full call number Barcode Date last seen Copy number Price effective from Koha item type Source of acquisition
    Universal Decimal Classification     Colección General Biblioteca Escuela de Ciencias Sociales Biblioteca Escuela de Ciencias Sociales 14/02/2025   342.4(82) AR691 001356 14/02/2025 Ej. 1 14/02/2025 Libro de préstamo a domicilio  
    Universal Decimal Classification     Colección General Biblioteca Escuela de Ciencias Sociales Biblioteca Escuela de Ciencias Sociales 06/11/2025   342.4(82) AR691 001483 06/11/2025 Ej. 2 06/11/2025 Libro de préstamo a domicilio  
    Universal Decimal Classification     Colección General Biblioteca Escuela de Ciencias Sociales Biblioteca Escuela de Ciencias Sociales 07/11/2025   342.4(82) AR691 001484 07/11/2025 Ej. 3 07/11/2025 Libro de préstamo a domicilio Donación 2025
Biblioteca de la Escuela Preuniversitaria en Ciencias Sociales y Humanísticas.
Riobamba 250 bis.
CP 2000 - Rosario - Santa Fe
E-Mail: biblioteca@esociales.unr.edu.ar